An introduction to error analysis : (Record no. 22175)

MARC details
000 -LEADER
fixed length control field 01148cam a22003255i 4500
001 - CONTROL NUMBER
control field 4468910
003 - CONTROL NUMBER IDENTIFIER
control field EG-ScBUE
005 - DATE AND TIME OF LATEST TRANSACTION
control field 20250515093221.0
008 - FIXED-LENGTH DATA ELEMENTS--GENERAL INFORMATION
fixed length control field 960123t1997 caua f 001 0 eng d
020 ## - INTERNATIONAL STANDARD BOOK NUMBER
International Standard Book Number 093570275X
020 ## - INTERNATIONAL STANDARD BOOK NUMBER
International Standard Book Number 9780935702750
040 ## - CATALOGING SOURCE
Original cataloging agency EG-ScBUE
Language of cataloging eng
Description conventions rda
Transcribing agency EG-ScBUE
Modifying agency EG-ScBUE
082 04 - DEWEY DECIMAL CLASSIFICATION NUMBER
Classification number 530.16
Item number TAY
Edition number 22
100 1# - MAIN ENTRY--PERSONAL NAME
Personal name Taylor, John R.
Fuller form of name (John Robert),
Dates associated with a name 1939-
9 (RLIN) 40750
Relator term author.
245 13 - TITLE STATEMENT
Title An introduction to error analysis :
Remainder of title the study of uncertainties in physical measurements /
Statement of responsibility, etc John R. Taylor, professor of physics, University of Colorado.
246 30 - VARYING FORM OF TITLE
Title proper/short title Error analysis
250 ## - EDITION STATEMENT
Edition statement Second edition.
264 #1 - PUBLICATION, DISTRIBUTION, ETC. (IMPRINT)
Place of publication, distribution, etc Sausalito, California :
Name of publisher, distributor, etc University Science Books,
Date of publication, distribution, etc [1997]
264 #4 - PUBLICATION, DISTRIBUTION, ETC. (IMPRINT)
Date of publication, distribution, etc c1997
300 ## - PHYSICAL DESCRIPTION
Extent xvii, 332 pages :
Other physical details illustrations ;
Dimensions 26 cm
336 ## - CONTENT TYPE
Source rdacontent
Content type term text
Content type code txt
337 ## - MEDIA TYPE
Media type term unmediated
Source rdamedia
Media type code n
338 ## - CARRIER TYPE
Carrier type term volume
Carrier type code nc
Source rdacarrier
500 ## - GENERAL NOTE
General note Includes index.<br/>
650 #7 - SUBJECT ADDED ENTRY--TOPICAL TERM
Topical term or geographic name as entry element Physical measurements.
Source of heading or term BUEsh
9 (RLIN) 7520
650 #7 - SUBJECT ADDED ENTRY--TOPICAL TERM
Topical term or geographic name as entry element Error analysis (Mathematics)
Source of heading or term BUEsh
9 (RLIN) 39080
650 #7 - SUBJECT ADDED ENTRY--TOPICAL TERM
Topical term or geographic name as entry element Mathematical physics.
Source of heading or term BUEsh
9 (RLIN) 6575
655 ## - INDEX TERM--GENRE/FORM
Form subdivision Reading book
942 ## - ADDED ENTRY ELEMENTS (KOHA)
Source of classification or shelving scheme Dewey Decimal Classification
Koha item type Book - Borrowing
Holdings
Withdrawn status Lost status Source of classification or shelving scheme Damaged status Not for loan Collection code Home library Current library Shelving location Date acquired Source of acquisition Cost, normal purchase price Serial Enumeration / chronology Total Checkouts Full call number Barcode Date last seen Cost, replacement price Price effective from Koha item type
    Dewey Decimal Classification     Baccah Central Library Central Library First floor 14/08/2016 Purchase 453.00 24096   530.16 TAY 000033246 15/07/2025 566.00 14/08/2016 Book - Borrowing